| 000 | 00898nam a2200229 i 4500 | ||
|---|---|---|---|
| 001 | 181612 | ||
| 003 | ES-MaACL | ||
| 005 | 20250824085143.0 | ||
| 008 | 130225s1923 sp | |||| ||spa d | ||
| 080 | _a821.134.2-84"15" | ||
| 080 | _a821.134.2-14"15" | ||
| 100 | 1 |
_aRufo, Juan ( _d1574?-1620?) _9152350 |
|
| 245 | 1 | 4 |
_aLas seiscientas apotegmas y otras obras en verso / _cde Juan Rufo ; [con una introducción de Agustín G. de Amezúa]. |
| 260 |
_aMadrid : _bSociedad de Bibliófilos Españoles, _c1923. |
||
| 300 |
_aCXVI, 313 p. ; _c25 cm. |
||
| 490 | 1 |
_aSociedad de Bibliófilos Españoles. Segunda época ; _v1 |
|
| 700 | 1 |
_aAmezúa y Mayo, Agustín G. de, _d1881-1956 _921219 |
|
| 710 | 2 |
_aSociedad de Bibliófilos Españoles. _96661 |
|
| 830 | 1 | 0 |
_aSociedad de Bibliófilos Españoles. Segunda época _v1 _9191496 |
| 852 | 4 |
_aES-MaACL _jJ-7(II-1) |
|
| 999 |
_c181612 _d181612 |
||